00306nam a2200109Ia 4500008004100000041000800041100001900049245005900068260003100127300000800158700003000166250110s9999 xx 000 0 und d aeng aJain Niharekka aResidential Hostel For Girls At Aurangabad Maharashtra bBNCA B-Arch ID, Punec2016 a31p aGuide Name:Sowani Avinash